Every Class 1 Texas Senator - Statistics

General Stats
  • This quiz has been taken 27 times
  • The average score is 10 of 19
Answer Stats
Picture Hint Answer % Correct
R(1993-2013) Kay Bailey Hutchison
100%
D(1971-1993) Lloyd Bentsen
100%
R(2013-) Ted Cruz
100%
D(1957-1971) Ralph W. Yarborough
80%
D(1993-1993) Robert C. Krueger
80%
D(1953-1957) Price Daniel
60%
D(1899-1923) Charles A. Culberson
40%
D(1923-1929) Earle B. Mayfield
40%
D(1891-1892) Horace Chilton
40%
R(1870-1875) James W. Flanagan
40%
D(1887-1891) John H. Reagan
40%
D(1857-1858) J. Pinckney Henderson
40%
D(1859-1870) Louis T. Wigfall
40%
D(1858-1859) Matthias Ward
40%
D(1892-1899) Roger Q. Mills
40%
D(1875-1887) Samuel B. Maxey
40%
D(1846-1857) Thomas J. Rusk
40%
D(1929-1953) Thomas T. Connally
40%
D(1957-1957) William A. Blakley
40%
No matching quizzes found
Score Distribution
Percent of People with Each Score
Percentile by Number Answered
Your Score History
You have not taken this quiz